000 00518nam a2200157Ia 4500
008 200626s9999 xx 000 0 und d
020 _a978-0-7641-2181-4
100 _aLongknife, Ann
245 _cAnn Longknife, K.D. Sullivan.--
_aThe art of styling sentences/
250 _a4th ed.
260 _aNew York:
_bBarron's Educational Series, Inc.
_c2002
300 _axviii, 158 pages
500 _aIncludes Appendix, and Index
650 _aEnglish language -- Rhetoric.
650 _aEnglish language -- Sentences.
999 _c363792
_d363792